| 000 | 01571cab a2200229 4500 | ||
|---|---|---|---|
| 001 | ABS67542 | ||
| 008 | 040305n2004 000 0 eng u | ||
| 035 | _a(Sirsi) u125348 | ||
| 100 | _aJansen, M. | ||
| 245 | _aYou better shape up | ||
| 260 | _c2004 | ||
| 490 |
_aProperty Week _v69(8) 44-45(2) |
||
| 520 | _aComments on the draft Planning Policy Statement 6 "Planning for town centres" (PPS6), which is out to consultation until 15 March. Notes that there is praise from business for some aspects of the policy, notably for the call to make local authorities make specific plans for town centres and for development to be spread among smaller centres. There is also favourable comment from out-of-town retailers that PPS6 has ended disaggregation demands and sequential tests for store extensions. Concerns range from the over emphasis on town centre developments which may exclude certain leisure operators as they would struggle to find suitable sites. The encouragement to concentrate bars and nightclubs into distinct leisure quarters is also causing worry as it could create trouble spots and anti-social behaviour. The likely publication date for PPS6 is late June to mid-July and the ODPM is due to publish its guidance "Applying the sequential approach" in Autumn 2004 | ||
| 590 | _aABS | ||
| 650 | _aPLANNING POLICY STATEMENT 6 | ||
| 650 | _aTOWN CENTRE RETAIL | ||
| 650 | _aLEISURE DEVELOPMENT | ||
| 650 | _aPLANNING SYSTEM | ||
| 650 | _aLOCAL AUTHORITIES | ||
| 690 | _aENVIRONMENTAL AND LAND CONSULTANCY-PLANNING AND DEVELOPMENT | ||
| 942 | _n0 | ||
| 999 |
_c74249 _d74249 |
||